000 00622nam a2200205 a 4500
001 000016974
005 20240412074245.0
008 100312s2010 dr r 001 p spa d
020 _a9789945163308
040 _aDO-SdBNP
_bspa
_cBNPHU
082 _aRD861.44
_bJ27o
100 1 _aJames Rawlings, Norberto,
_d1945 -
_97206
245 1 0 _aOscuro amor /
_cNorberto James Rawlings.
260 _aSanto Domingo :
_bBúho,
_c2010.
300 _a69 p. ;
_c22 cm.
590 _aInventariado, 2018/BT
650 0 _aPoesía dominicana
_966
650 0 _aLiteratura dominicana.
_967
910 _aValidado. Control de calidad. MMOLINA
999 _c16505
_d16505